| 000 | 00675nam a2200217 u 4500 | ||
|---|---|---|---|
| 005 | 20240924071253.0 | ||
| 008 | 120615s2006 r 000 0 eng d | ||
| 020 | _a9589782523 | ||
| 035 | _aUPN01000185128 | ||
| 049 | _aI | ||
| 050 | 4 |
_aPZ74.9 _bL3.2 |
|
| 100 | 1 | _aLaira, Sergio | |
| 245 | 1 | 0 |
_aAbel y Lobo / _cSergio Laira ; il. Alessandra Roberti ; tr. Ursula Domeinski de Pineda. |
| 260 |
_aBogotá : _bGato Azul : _bCangrejo, _c2006. |
||
| 300 |
_a[26] p. : _bprincipalmente il. col. |
||
| 534 |
_pTÃtulo original: _tWolf und Abel |
||
| 650 | 4 |
_aLiteratura infantil _94445 |
|
| 650 | 0 |
_aAmistad en la literatura _910763 |
|
| 905 | _aInfantil | ||
| 999 |
_c157231 _d157231 |
||